000 00271nam a22001217a 4500
008 171123b xxu||||| |||| 00| 0 eng d
041 _aeng
080 _a573
100 _a11
101 _aBIO
245 _aDISINFECTION AND STERILIZATION
_cCULLOCH,E.C
942 _2udc
_cBK
999 _c38384
_d38384